All Fortnite Weapons - Statistics

General Stats
  • This quiz has been taken 184 times
  • The average score is 24 of 137
Answer Stats
Hint Answer % Correct
Shotgun Pump Shotgun
87%
Shotgun Tactical Shotgun
77%
Assault Rifle Assault Rifle
65%
Shotgun Heavy Shotgun
61%
Assault Rifle Burst Assault Rifle
52%
Shotgun Combat Shotgun
51%
Pistol Pistol
46%
Shotgun Double Barrel Shotgun
43%
Shotgun Drum Shotgun
42%
Sniper Bolt-Action Sniper Rifle
38%
Explosive Weapons Rocket Launcher
38%
Explosive Weapons Grenade Launcher
37%
Pistol Hand Cannon
37%
Assault Rifle Drum Gun
35%
Sniper Heavy Sniper Rifle
35%
Sniper Hunting Rifle
35%
Assault Rifle Heavy Assault Rifle
34%
Pistol Suppressed Pistol
34%
Shotgun Charge Shotgun
33%
SMG Submachine Gun
33%
Shotgun Auto Shotgun
32%
The YEET Pistol Flint-Knock Pistol
32%
Pistol Revolver
32%
Assault Rifle Suppressed Assault Rifle
31%
Shotgun Gatekeeper Shotgun
29%
Shotgun Hammer Pump Shotgun
29%
Assault Rifle Minigun
29%
Assault Rifle Scoped Assault Rifle
29%
Shotgun Striker Pump Shotgun
29%
Shotgun Makeshift Shotgun
28%
Shotgun Frenzy Auto Shotgun
27%
Shotgun Ranger Shotgun
26%
Shotgun Lever Action Shotgun
26%
Shotgun Maven Auto Shotgun
26%
Sniper Semi-Auto Sniper Rifle
26%
Assault Rifle Tactical Assault Rifle
26%
SMG Burst SMG
25%
Shotgun Havoc Pump Shotgun
25%
Shotgun Thunder Shotgun
25%
Pistol Scoped Revolver
23%
SMG Suppressed Submachine Gun
23%
Shotgun Prime Shotgun
21%
Pistol Tactical Pistol
21%
Pistol Dual Pistol
20%
#1 Victory Royale The Dub
20%
Assault Rifle Light Machine Gun
19%
Explosive Weapons Quad Launcher
19%
Explosive Weapons Snowball Launcher
19%
Sniper Storm Scout
19%
Sniper Suppressed Sniper Rifle
19%
Pistol Mammoth Pistol
18%
Assault Rifle Thermal Scoped Assault Rifle
18%
Shotgun Dragon Breath Shotgun
17%
Assault Rifle Hammer Assault Rifle
17%
Assault Rifle Infantry Rifle
17%
Assault Rifle Combat Assault Rifle
15%
Shotgun EvoChrome Shotgun
15%
SMG Rapid Fire SMG
15%
Sniper Reaper Sniper Rifle
15%
Pistol Six Shooter
15%
Pistol Combat Pistol
14%
Explosive Weapons Egg Launcher
14%
Pistol Ranger Pistol
14%
Assault Rifle Red-Eye Assault Rifle
14%
Assault Rifle Striker AR
14%
Shotgun Two-Shot Shotgun
14%
Shotgun Wood Stake Shotgun
14%
Sniper Boom Sniper Rifle
13%
SMG Combat SMG
13%
SMG Compact SMG
13%
Assault Rifle Pulse Rifle
13%
Shotgun Sharp Tooth Shotgun
13%
Sniper Automatic Sniper Rifle
12%
Shotgun Heisted Breacher Shotgun
12%
Pistol Lock-On Pistol
12%
SMG Charge SMG
11%
Shotgun Heisted Accelerant Shotgun
11%
Sniper Hunter-Bolt Action Sniper
11%
SMG Hyper SMG
11%
Pistol Night Hawk
11%
Pistol Primal Pistol
11%
Assault Rifle Striker Burst Assault Rifle
11%
SMG Thunder Burst SMG
11%
SMG Twin Mag SMG
11%
Explosive Weapons Guided Missile
10%
SMG Harbinger SMG
10%
Assault Rifle Enforcer AR
9%
Shotgun Infiltrator Pump Shotgun
9%
Sniper Lever-Action Rifle
9%
Sniper Railgun
9%
Pistol Shadow Tracker
9%
Explosive Weapons Shockwave Launcher
9%
Explosive Weapons Burst Quad Launcher
8%
Assault Rifle Flapjack Rifle
8%
Assault Rifle Havoc Suppressed Assault Rifle
8%
Pistol Hop Rock Dualies
8%
Pistol Makeshift Revolver
8%
Assault Rifle Mk Seven Assault Rifle
8%
Explosive Weapons Sticky Grenade Launcher
8%
SMG Stinger SMG
8%
Assault Rifle Twin Mag Assault Rifle
8%
Assault Rifle Warforged Assault Rifle
8%
Sniper Dragon's Breath Sniper
7%
SMG Heisted Blink Mag SMG
7%
Assault Rifle Makeshift Rifle
7%
SMG Makeshift Submachine Gun
7%
SMG Primal SMG
7%
Assault Rifle EvoChrome Burst Rifle
6%
Assault Rifle Heisted Explosive Assault Rifle
6%
SMG Heisted Run N' Gun SMG
6%
SMG Scoped Burst SMG
6%
Assault Rifle Sideways Minigun
6%
Sniper Storm Scout Sniper Rifle
6%
Explosive Weapons Anvil Rocket Launcher
5%
Assault Rifle Burst Pulse Rifle
5%
Pistol Dual Suppressed Pistols
5%
Sniper Explosive Repeater Rifle
5%
SMG Machine SMG
5%
Pistol Marksman Six Shooter
5%
Assault Rifle Primal Rifle
5%
Pistol Sidearm Pistol
5%
Assault Rifle Stark Industries Energy Rifle
5%
Explosive Weapons The Big Chill
5%
Had to include this one (Sniper) Zapotron
5%
Pistol Ballistic Shield
4%
Explosive Weapons Explosive Goo Gun
4%
Pistol Flashlight Pistol
4%
SMG Kymera Ray Gun
4%
Explosive Weapons Recycler
4%
Assault Rifle Nemisis AR
2%
Explosive Weapons Plasma Cannon
2%
Explosive Weapons Alien Knockgun Launcher
1%
Explosive Weapons Orange Paint Launcher
1%
Explosive Weapons Purple Paint Launcher
1%
Explosive Weapons Cinematic Paint Launcher
0%
Explosive Weapons Pumpkin Laucher
0%
No matching quizzes found
Score Distribution
Percent of People with Each Score
Percentile by Number Answered
Your Score History
You have not taken this quiz